00000000nam 2200000zi 4500
0019.948826
003CaOODSP
00520250902115305
006m     o  d f      
007cr cn ||||||||
008250305e202507##oncad   ob   f000 0 fre d
020 |a9780660762449
040 |aCaOODSP|bfre|erda|cCaOODSP
043 |an-cn---
0861 |aT94-54/2025-1F-PDF
24500|aTout le monde compte 2024 : |brapport sur les faits saillants, partie 1 - l'énumération de l'itinérance.
264 1|aOttawa (Ontario) : |bLogement, infrastructures et collectivités Canada = Housing, Infrastructure and Communities Canada, |cjuillet 2025.
264 4|c©2025
300 |a1 ressource en ligne (10 pages non numérotées) : |billustrations, graphiques
336 |atexte|btxt|2rdacontent/fre
337 |ainformatique|bc|2rdamedia/fre
338 |aressource en ligne|bcr|2rdacarrier/fre
500 |aTitre de la couverture.
500 |aPublié aussi en anglais sous le titre : Everyone counts 2024 : highlights report, part 1 - enumeration of homelessness.
504 |aComprend des références bibliographiques.
520 |a« En octobre et novembre 2024, les communautés dans presque toutes les provinces et les territoires ont participé à Tout le monde compte, le quatrième dénombrement ponctuel coordonné à l’échelle pancanadienne des personnes en situation d’itinérance. Dès lors, les résultats obtenus par ces dénombrements dressent un instantané des taux d’itinérance au sein des communautés partout au Canada » -- Introduction, page [3].
650 6|aSans-abri|zCanada|xStatistiques.
7101 |aCanada. |bLogement, infrastructures et collectivités Canada, |eorganisme de publication.
77508|tEveryone counts 2024 : |w(CaOODSP)9.948825
795 |tTout le monde compte 2020-2022 : |b2024|w(CaOODSP)9.938271
85640|qPDF|s398 Ko|uhttps://publications.gc.ca/collections/collection_2025/infc/T94-54-2025-1-fra.pdf
8564 |qHTML|sS.O.|uhttps://logement-infrastructure.canada.ca/homelessness-sans-abri/reports-rapports/pit-counts-dp-2024-highlights-p1-fra.html